000 00473nam a2200169Ia 4500
008 240729s9999 xx 000 0 und d
022 _a1687-9538
245 0 _aJournal of Probability and Statistics
260 _aUnited Kingdom
260 _bHindawi Limited
650 _a Mathematics
650 _a Probabilities. Mathematical statistics
650 _aScience
856 _uhttps://doaj.org/toc/baae5675798d41d2b87fcbea0e6cef2e
942 _2ddc
942 _cDOAJEJ
999 _c71522
_d71522
945 _a1
_bMadushi Gamage
_c1
_dMadushi Gamage